| 000 | 00443cam a22001217a 4500 | ||
|---|---|---|---|
| 008 | 180718b1963 xxu||||| |||| 00| 0 eng d | ||
| 082 | _aY26x541 N213 | ||
| 245 |
_aDemand for energy in eastern India _cby National Council of Applied Economic Research |
||
| 260 |
_aNew Delhi _bNational Council of Applied Economic Research _c1963 |
||
| 300 | _a274p. | ||
| 650 | _aEnergy Resources - India | ||
| 700 | _aNational Council of Applied Economic Research | ||
| 999 |
_c375312 _d375312 |
||